000 00595nam a22002177a 4500
003 UA-OsUOA
001 36858
007 ta
008 20060216b un ||||| |||| 00| 0 ukr d
100 _aКузнецький В.
090 _a32
_bК11
942 _cSA
040 _aUA-OsUOA
_bukr
_cUA-OsUOA
_dUA-OsUOA
245 _aЦілком таємно. Статут російсько-українського газового СП - державна таємниця
300 _aС.5
955 _a0
041 _aukr
080 _a32
773 0 _w36856
650 7 _a32 Політика
_2UDC
999 _c323085
_d323085